| 000 | 00635nas a2200229 i 4500 | ||
|---|---|---|---|
| 001 | 2451 | ||
| 003 | ES-MaACL | ||
| 005 | 20250724062605.0 | ||
| 007 | t| | ||
| 008 | 950801c1876 sp | | 1 ||pa d | ||
| 080 | _a44 | ||
| 245 | 0 | 0 |
_aRépertoire politique, historique et littéraire / _cpublié sous la direction de M. Charles Valframbert. |
| 260 |
_aParis : _bL. Larose, _c1876- |
||
| 300 |
_a5 v. ; _c22 cm. |
||
| 310 | _aAnual | ||
| 362 | 0 | _a1876. | |
| 650 | 7 |
_aCultura _2embne _9170963 |
|
| 700 | 1 |
_aValframbert, Charles, _edir. _9194497 |
|
| 852 |
_aES-MaACL _jB-1685-89 |
||
| 866 | 0 | _o1876-80. | |
| 999 |
_c2451 _d2451 |
||